|
|
|
|
| LEADER |
00924nam a2200253 a 4500 |
| 001 |
000380121 |
| 003 |
CZ BrMZK |
| 005 |
19980105143423.0 |
| 007 |
ta |
| 008 |
980105s1987 xo f slo d |
| 040 |
|
|
|a BOA001
|b cze
|
| 080 |
|
|
|a 894.511-31=854
|2 MRF
|
| 100 |
1 |
|
|a Raffai, Sarolta,
|d 1930-1989
|7 xx0021806
|4 aut
|
| 245 |
1 |
0 |
|a Osamelá /
|c Sarolta Raffaiová ; Z maď. orig. prel. Magda Takáčová ; Dosl. napís. Rudolf Chmel
|
| 250 |
|
|
|a 1. vyd.
|
| 260 |
|
|
|a Bratislava :
|b Slovenský spisovateľ,
|c 1987
|
| 300 |
|
|
|a 221 s.
|
| 490 |
1 |
|
|a Spoločnosť priateľov krásnych kníh ;
|v Zv. 485
|
| 700 |
1 |
|
|a Takáčová, Magda,
|d 1924-2018
|7 ola2002153831
|4 trl
|
| 765 |
0 |
|
|t Egyszál magam
|
| 830 |
|
0 |
|a Spoločnosť priateľov krásnych kníh (Slovenský spisovateľ)
|0 s
|
| 910 |
|
|
|a BOA001
|b 2-0922.487
|
| 990 |
|
|
|a BK
|
| 996 |
7 |
|
|b 2619331593
|c 2-0922.487
|l MZK
|r Sklad / do 1 hodiny
|n 0
|w 000380121
|u 000010
|a 1
|e BOA001
|j MZK50
|s A
|